| 000 | 00679 a2200157 4500 | ||
|---|---|---|---|
| 003 | Nust | ||
| 005 | 20230403105401.0 | ||
| 040 | _cNust | ||
| 082 | _a920.62,LIN | ||
| 100 |
_aLindbergh, Charles A _9111670 |
||
| 245 |
_aWe Pilot & Plane / _cCharles A Lindbergh |
||
| 260 |
_aLondon _bG. P Putnam s |
||
| 505 | _aBoyhood and Early Flights (Page-1), My First Plane (Page-17), Barnstorming Experiences (Page-37), Heading South (Page-54), Training at Books Field (Page-70), Receiving a Pilots Wings (Page-88),I Join the Air Mail (Page-110),Two Emergency Jumps (Page-128), San Diego-ST.Louis (Page-146), New York to Paris (Page-158). | ||
| 650 |
_aBiography _9461 |
||
| 942 |
_2ddc _cBK |
||
| 999 |
_c187165 _d187165 |
||